000 00377nam a22001577a 4500
005 20160625092558.0
008 160625b xxu||||| |||| 00| 0 eng d
041 _aeng
082 _b9889
100 _aStein, ML and Paterno S.F.
_92698
245 _aThe Newswriter's Handbook
260 _bSurjeet
_c2003
300 _a283
650 _aMass Communication
_92660
942 _cBK
999 _c3885
_d3884